000 00829nam a2200217 i 4500
001 98087
003 ES-MaACL
005 20250927101110.0
007 t|
008 050722s1960 sp |||| |dspa d
100 1 _aMárquez Villanueva, Francisco.
_977039
245 1 0 _aInvestigaciones sobre Juan Álvarez Gato
_b: contribución al conocimiento de la literatura castellana del siglo XV /
_cFrancisco Márquez Villanueva.
260 _aMadrid :
_bReal Academia Española,
_c1960.
300 _a534 p. ;
_c23 cm.
490 1 _aAnejos del Boletín de la Real Academia Española ;
_vIV
600 1 7 _aÁlvarez Gato, Juan,
_d1433?-1496?
_2
_9163088
710 2 _aReal Academia Española
_96336
830 0 _aAnejos del Boletín de la Real Academia Española ;
_vIV
_9180902
852 _aES-MaACL
_jG-4327
999 _c98087
_d98087